00414nam a2200181Ia 4500003000900000008004100009040001300050040001300063041000800076100002000084245006100104250001000165260002100175260000900196300001100205300001000216490000600226IT-RoPAU120407s9999 xx 000 0 und d aIT-RoPAU cIT-RoPAU aita aGiancarlo Rocca aL’”Opus Dei”. Appunti e documenti per una storia aRoma  aEdizioni Paoline c1985 a233 p. c24 cm v1